002430000a220007300045001000020000002450065000203000037000857730047001221 aMartin, Dale B.10aReview essay : Justin J. Meggitt, Paul, poverty and survival aNúm 84 (2001), Páginas 51-640 tJournal for the Study of the New Testament